Still 'skiing their own race' on new public management implementation? patient choice and policy change in the Finnish and Swedish health-care systems (Record no. 510221)

000 -LEADER
fixed length control field 01872nam a2200169 4500
008 - FIXED-LENGTH DATA ELEMENTS--GENERAL INFORMATION
fixed length control field 190807b ||||| |||| 00| 0 eng d
100 ## - MAIN ENTRY--PERSONAL NAME
Personal name Smith, Christopher J.
245 ## - TITLE STATEMENT
Title Still 'skiing their own race' on new public management implementation? patient choice and policy change in the Finnish and Swedish health-care systems
260 ## - PUBLICATION, DISTRIBUTION, ETC. (IMPRINT)
Date of publication, distribution, etc 2019
300 ## - PHYSICAL DESCRIPTION
Extent p.62-79.
520 ## - SUMMARY, ETC.
Summary, etc This article applies an agenda-setting approach to the impact of New Public Management on health-care reform in Sweden and Finland (1993–2016). A system-level view of agenda setting and New Public Management implementation is used to order the historical data derived from literature reviews of each health reform process. New Public Management is viewed as a hybrid concept rooted in the search for efficiency gains and cost containment but, here, generating system preservation and system change strategies, characterised as ‘public competition’ and ‘choice and marketisation’. Sweden and Finland are viewed as ‘pragmatic modernisers’ in the public management literature. Health-care system reform in each country was based on similar problems and similar policy ‘solutions’, and was promoted by similar actors, while the implementation of choice and marketisation again saw windows of opportunity open in a similar manner in each. Policy divergence nevertheless occurred. We identify three key reasons for this, relating to the site and pervasiveness of conflict, the impact of party systems, and administrative openness to outside ideas. Sweden’s conflictual politics produced stalemate while consensual Finland produced radical policy change. - Reproduced.
650 ## - SUBJECT ADDED ENTRY--TOPICAL TERM
Topical term or geographic name as entry element New public management
9 (RLIN) 7827
700 ## - ADDED ENTRY--PERSONAL NAME
Personal name Rauhut, Daniel
9 (RLIN) 7828
773 ## - HOST ITEM ENTRY
Main entry heading International Review of Administrative Sciences
906 ## - LOCAL DATA ELEMENT F, LDF (RLIN)
Subject DIP Health care - Sweden
942 ## - ADDED ENTRY ELEMENTS (KOHA)
Source of classification or shelving scheme
Item type Articles
Holdings
Withdrawn status Lost status Source of classification or shelving scheme Damaged status Not for loan Permanent location Current location Date acquired Serial Enumeration / chronology Barcode Date last seen Koha item type
          Indian Institute of Public Administration Indian Institute of Public Administration 2019-08-07 85(1), Mar, 2019: p.62-79. AR120174 2019-08-07 Articles

Powered by Koha